Sumerian literary fragments in the University Museum, Philadelphia

Este libro presenta la edición, con las correspondientes copias cuneiformes y fotografías, de varios centenares de fragmentos inéditos de textos literarios sumerios conservados en la Baylonian Section del University Museum of Archaeology and Anthropology de la Universidad de Pensilvania. Dichos f...

詳細記述

保存先:
書誌詳細
第一著者: Peterson, Jeremiah
フォーマット: 電子媒体 eBook
言語:英語
出版事項: Madrid : Consejo Superior de Investigaciones Científicas, 2011.
シリーズ:Biblioteca del próximo oriente antiguo ; 9.
Digitalia eBook Collection: Editorial CSIC
主題:
オンライン・アクセス:Digitalia Hispánica
タグ: タグ追加
タグなし, このレコードへの初めてのタグを付けませんか!

MARC

LEADER 00000nam a2200000Ia 4500
001 DIGCSIC1409
003 NyNyDIG
006 m d
007 cr |||||||||||
008 121201s2011 sp a ob 000 0 eng
020 |a 9788400093150 (electronic bk.) 
020 |z 9788400093143 (pbk.) 
020 |z 8400093143 (pbk.) 
040 |a DGITA  |b eng  |e pn  |c DGITA 
043 |a a-iq--- 
050 0 0 |a PJ4053.U65 ebook 
100 1 |a Peterson, Jeremiah. 
245 1 0 |a Sumerian literary fragments in the University Museum, Philadelphia   |h [electronic resource] /  |c Jeremiah Peterson. 
260 |a Madrid :  |b Consejo Superior de Investigaciones Científicas,  |c 2011.  |e (New York, NY. :  |f Digitalia Inc,   |g 2012). 
300 |a 1 online resource (444 p.) :  |b ill. 
490 1 |a Biblioteca del próximo oriente antiguo ;  |v 9. 
504 |a Includes bibliographical references. 
505 0 |a Acknowledgements.- Preface.- Myths and Epics Featuring Deities.- Myths and Epics Featuring Heroes.- Compositions with a Historical Background.- City Laments.- Royal Praise Poetry.- Literary Letters.- Law Collections.- Hymns to Temples.- Proverbs.- Collective Tablets (nos. 269-284).- Index of Museum Numbers.- Appendix: New Joins of Previously Identified Pieces of Sumerian Literary Compositions.- Bibliography.- Plates 1-68. 
506 |a Access restricted to subscribing institutions. 
520 |a Este libro presenta la edición, con las correspondientes copias cuneiformes y fotografías, de varios centenares de fragmentos inéditos de textos literarios sumerios conservados en la Baylonian Section del University Museum of Archaeology and Anthropology de la Universidad de Pensilvania. Dichos fragmentos pertenecen a conocidas composiciones literarias sumerias, incluyendo varios del ciclo de Gilgamesh, la Lista Real Sumeria, lamentaciones por la destrucción de ciudades, himnos a reyes, himnos a templos, cartas literarias, recopilaciones de leyes y proverbios. La edición añade detallados comentarios allí donde estos fragmentos aportan nuevos elementos para la comprensión del texto.  
650 0 |a Sumerian literature. 
650 0 |a Sumerian language. 
610 2 0 |a University of Pennsylvania.  |b Museum of Archaeology and Anthropology  |v Catalogs. 
655 0 |a Electronic books. 
791 2 |a Digitalia (Firm),  |e distributor. 
830 0 |a Biblioteca del próximo oriente antiguo ;  |v 9. 
830 0 |a Digitalia eBook Collection: Editorial CSIC 
856 4 0 |3 Digitalia Hispánica  |u https://digitalia.unach.elogim.com/a/13376/